Statistics for Food in Finnish 5: vegetables, meat, fats, other

Click here to take the quiz!

General Stats

  • This quiz has been taken 7 times
  • The average score is 29 of 34

Answer Stats

HintAnswer% Correct
fishkala
100%
chickenkana/broileri
100%
eggkananmuna
100%
meatliha
100%
sausagemakkara
100%
beanpapu
100%
potatoperuna
100%
pepperpippuri
100%
pizzapitsa
100%
riceriisi
100%
salad/lettucesalaatti
100%
onionsipuli
100%
saltsuola
100%
tomatotomaatti
100%
buttervoi
100%
hamburgerhampurilainen
80%
jamhillo
80%
minced meatjauheliha
80%
cabbagekaali
80%
soupkeitto
80%
hamkinkku
80%
cucumberkurkku
80%
margarinemargariini
80%
beefnaudanliha
80%
oilöljy
80%
pastapasta
80%
carrotporkkana
80%
porridgepuuro
80%
fatsrasvat
80%
porksianliha
80%
sugarsokeri
80%
vegetablesvihannekset
60%
cerealmurot
40%
othermuuta
20%

Score Distribution

Percentile by Number Answered

Percent of People with Each Score

Your Score History

You have not taken this quiz